000 00956cab a22001935a 4500
001 L137057
008 070312e2007 xxk 000 0 eng d
035 _a(Sirsi) u137057
041 _aeng
245 _aWind in the Wolds
260 _c2007
490 0 _aProject
_v19(8) March 2007, 30-32(3)
520 _aReports on the project to build one of England's biggest new wind farms. The Burton Wold Wind Farm is built on arable land just off the A14 in Northamptonshire and comprises 10 100-metre tall turbines, which have the capacity to meet the energy needs of 10 000 homes. Since the turbines started in 2006, the development has generally been well received. Outlines the various stages of the project, and highlights the importance of good communication with consultees.
590 _aKA
651 4 _aUnited Kingdom
_y
690 _aENVIRONMENTAL AND LAND CONSULTANCY-ENERGY-RENEWABLE ENERGY
690 _aProject management
_96261
942 _n0
999 _c78532
_d78532